000 00509nam a22001697a 4500
005 20240619120032.0
008 240619b |||||||| |||| 00| 0 eng d
020 _a040685159X ; 0406016666
041 _aEnglish
082 _a349 LAW
100 _lEnglish
245 _aThe All England Law Reports: Reprint
260 _aLondon:
_bButterworth and Co. Publishers Ltd,
_c1993
300 _bxvi, 1056 pages;
_c25 cm.
650 _aLegal practice
_bLaw
942 _cBK
_6ALISON_BN_VRIES
999 _c1999
_d1999